Effect on Biofertilizers and Inorganic Fertilizers on Growth, Yield and Quality of Hybrid Cabbage (Brassica oleracea var. capitata Linn.) / (Record no. 50265)

MARC details
000 -LEADER
fixed length control field 00593nam a22001937a 4500
003 - CONTROL NUMBER IDENTIFIER
control field OSt
008 - FIXED-LENGTH DATA ELEMENTS--GENERAL INFORMATION
fixed length control field 260429b |||||||| |||| 00| 0 eng d
082 ## - DEWEY DECIMAL CLASSIFICATION NUMBER
Classification number 635.34897
Item number S48E
100 ## - MAIN ENTRY--PERSONAL NAME
Personal name Singh, Vijay Kumar.
245 ## - TITLE STATEMENT
Title Effect on Biofertilizers and Inorganic Fertilizers on Growth, Yield and Quality of Hybrid Cabbage (Brassica oleracea var. capitata Linn.) /
Statement of responsibility, etc. by Vijay Kumar Singh
260 ## - PUBLICATION, DISTRIBUTION, ETC. (IMPRINT)
Place of publication, distribution, etc Pusa, Samastipur
Name of publisher, distributor, etc RAU
Date of publication, distribution, etc 2008
300 ## - PHYSICAL DESCRIPTION
Extent 146p.
502 ## - DISSERTATION NOTE
Degree type Ph.D.
Year degree granted 2008
650 ## - SUBJECT ADDED ENTRY--TOPICAL TERM
Topical term or geographic name as entry element Horticulture
650 ## - SUBJECT ADDED ENTRY--TOPICAL TERM
Topical term or geographic name as entry element Hybrid Cabbage
650 ## - SUBJECT ADDED ENTRY--TOPICAL TERM
Topical term or geographic name as entry element Thesis
650 ## - SUBJECT ADDED ENTRY--TOPICAL TERM
Topical term or geographic name as entry element Ph. D.
942 ## - ADDED ENTRY ELEMENTS (KOHA)
Source of classification or shelving scheme
Koha item type Thesis
Holdings
Withdrawn status Lost status Source of classification or shelving scheme Damaged status Not for loan Home library Current library Date acquired Source of acquisition Total Checkouts Full call number Barcode Date last seen Bill Date Koha item type Bill Number
          Dr. Rajendra Prasad Central Agricultural University Pusa, Dr. Rajendra Prasad Central Agricultural University Pusa, 29/04/2026 by Author   635.34897 S48E 59701 29/04/2026 29/04/2026 Thesis Gift
Hosted, Implemented, Customized & Maintained by: BestBookBuddies

Powered by Koha